000 00949nam a2200241 a 4500
999 _c348888
_d348888
003 BLK
005 20240705135001.0
008 200305b bu ||||| |||| 00| 0 bu d
020 _a9789542826354
040 _aBLK
041 _aBUL
_cBUL
080 _aАмериканска литература (на САЩ)
_b821.111(73)
_x-93
_z821.111(73)-93
100 _9337796
_aБарнет, Мак
_eпърви автор
139 _aБарнет, Мак
_bБ 26
245 _aМайлс и Найлс 2
_bПоложението се влошава
_cМак Барнет ; прев. от англ. Надя Златкова
260 _9219755
_aСофия
_bСиела
_c2018
_f"Алианс Принт" ЕООД
300 _a207 с.
_c22 см
380 _aDX
700 _aЗлаткова, Надя Иванова
_d1957 -
_9363518
942 _cKNG
_n0
_s1
_07
944 _aCR
_c2020-03-05
_lГеновева Генчева
_k30560
999 _d348888